000 01036nam0a22002531 4500
001 rc\380254
005 20260407134601.0
035 _a(NLR Aleph) 005574712
090 _a6048872
_c6048872
100 _a20030307d1989 |||y0rusy50 ca
101 0 _arus
102 _aRU
105 _ay |||||||||
200 1 _aПрофилактика и лечение одонтогенной инфекции
_eТр. ЦНИИС
_fЦНИИ стоматологии, Всесоюз. науч. о-во стоматологов
_g[Редкол.: М.М. Соловьев (отв. ред.) и др.]
210 _aМ.
_cЦНИИС
_d1989
215 _a179 с.
_d22
320 _aБиблиогр. / Сост. Т.М. Лурье и др.: с. 157-166 (255 назв.)
702 1 _aСоловьев
_bМ.М.
_gМихаил Михайлович
_4340
712 0 2 _aЦНИИ стоматологии
_cМосква
_3RU\NLR\AUTH\8810002191
_9501580
801 0 _aRU
_bNLR
_gpsbo
801 1 _aRU
_bELAR
_2rusmarc
852 _aNLR
_j89-5/6059
942 _cBOOK
980 _aNB